| 000 | 00832pam a2200241 a 4500 | ||
|---|---|---|---|
| 001 | 3417482 | ||
| 003 | OSt | ||
| 005 | 20260205111126.0 | ||
| 008 | 900427r19901965cau b s001 0 eng | ||
| 020 | _a0520070496 | ||
| 020 |
_a0520070518 _qpbk. |
||
| 040 |
_aKABLIB _cKABLIB _beng |
||
| 082 | 0 | 0 |
_a320 _223 _bBAR |
| 100 | 1 |
_aBarry, Brian, _915150 |
|
| 245 | 1 | 0 |
_aPolitical argument : _ba reissue with new introduction / _cBrian Barry. |
| 260 |
_aBerkeley : _bUniversity of California Press, _cc1990. |
||
| 300 |
_alxxiv, 360 p. ; _c23 cm. |
||
| 440 | 0 |
_aCalifornia series on social choice and political economy ; _v20 _915151 |
|
| 500 | _aReprint. Originally published: New York : Humanities Press, 1965. | ||
| 504 | _aIncludes bibliographical references (p. 331-340) and index. | ||
| 650 | 0 | _aPolitical science. | |
| 942 |
_2ddc _cBOOK |
||
| 999 |
_c6001 _d6001 |
||